Т. 239 : Вопросы геологии месторождений золота: материалы II конференции по изучению месторождений золота Сибири; Известия Томского политехнического института [Известия ТПИ]

書誌詳細
Parent link:Известия Томского политехнического института [Известия ТПИ]/ Томский политехнический институт (ТПИ). Т. 239 : Вопросы геологии месторождений золота.— , 1944-1976
言語:ロシア語
出版事項: Изд-во Томского ун-та, 1970
主題:
フォーマット: 図書
KOHA link:https://koha.lib.tpu.ru/cgi-bin/koha/opac-detail.pl?biblionumber=228102

MARC

LEADER 00000nam2a2200000 4500
001 228102
005 20231031201424.0
035 |a (RuTPU)RU\TPU\book\248552 
035 |a RU\TPU\book\248122 
090 |a 228102 
100 |a 20121214d1970 k y0rusy50 ca 
101 0 |a rus 
102 |a RU 
105 |a a z 000zy 
200 0 |a Т. 239 : Вопросы геологии месторождений золота  |e материалы II конференции по изучению месторождений золота Сибири 
210 |c Изд-во Томского ун-та  |d 1970 
215 |a 464 с.  |c рис., граф., схемы, табл., черт. 
461 1 |0 (RuTPU)RU\TPU\book\200995  |t Известия Томского политехнического института [Известия ТПИ]  |f Томский политехнический институт (ТПИ)  |v Т. 239 : Вопросы геологии месторождений золота  |d 1944-1976 
601 0 2 |a Томский политехнический институт (ТПИ)  |c (1944-1991)  |2 stltpush  |3 (RuTPU)RU\TPU\col\1123 
610 1 |a научные исследования 
610 1 |a Сибирь 
610 1 |a золоторудные месторождения 
610 1 |a геология 
610 1 |a минералогия 
610 1 |a генезис 
610 1 |a золото 
610 1 |a региональная металлогения 
610 1 |a рудные поля 
610 1 |a оруденение 
610 1 |a локализация 
610 1 |a геохимия 
610 1 |a коренные месторождения 
610 1 |a магматизм 
610 1 |a метаморфизм 
610 1 |a рудообразование 
610 1 |a поиск 
610 1 |a лабораторные исследования 
610 1 |a эндогенная зональность 
610 1 |a миграционные способности 
610 1 |a пириты 
610 1 |a элементы-примеси 
610 1 |a вторичная зональность 
610 1 |a кварцево-жильные зоны 
610 1 |a золотоносность 
610 1 |a Горный Алтай 
610 1 |a Кузнецкий Алатау 
610 1 |a конференции 
610 1 |a труды учёных ТПУ 
675 |a 62  |v 3 
801 1 |a RU  |b 63413507  |c 20090209  |g PSBO 
801 2 |a RU  |b 63413507  |c 20141010  |g PSBO 
942 |c BK